| 000 | 00650nam a2200157 a 4500 | ||
|---|---|---|---|
| 008 | 200804s2018 ||||||||||||||||| || u | ||
| 020 | _a9781108417075 | ||
| 050 | _aJZ 1405 Hol | ||
| 100 | _aHolmes,Marcus | ||
| 245 | 1 | 0 |
_aFace-to-face diplomacy: social neuroscience and international relations _cBy Marcus Holmes |
| 260 |
_aCambridge _bCambridge University Press _c2018 |
||
| 300 | _axii, 303 pages | ||
| 350 | _a94.62 | ||
| 650 | _aINTERNATIONAL RELATIONS-- PSYCHOLOGICAL ASPECTS | ||
| 995 |
_FCBU-MAIN LIBRARY (Kitwe) _I94.62 _M1 _UAVAILABLE _WAug 12, 2020 _ZMain Library Open Access Collection |
||
| 999 |
_c43054 _d43054 |
||